| 000 | 00785nam a22002177a 4500 | ||
|---|---|---|---|
| 003 | OSt | ||
| 005 | 20260612122230.0 | ||
| 008 | 260612b |||||||| |||| 00| 0 eng d | ||
| 020 | _a1-4166-0050-7 | ||
| 040 | _cChuka University Library | ||
| 050 |
_aLB 1628.5 _b.T6 2005 1 |
||
| 100 |
_aTomlinson Carol Ann _920212 |
||
| 245 | _aDifferentiation in Practice :A Resource Guide for Differentiating Curriculum Grade 9-12 | ||
| 260 |
_aVirginia _bAssociation for Supervision and Curriculum Development _c2005 |
||
| 300 | _a369p | ||
| 650 |
_aEducation, Secondary Curricula United States _928833 |
||
| 650 |
_aCurriculum Planning United States _926921 |
||
| 650 |
_aIndividualized Instruction United States _928974 |
||
| 700 |
_aCindy A. Strickland(Author) _928975 |
||
| 942 |
_2lcc _cBK _n0 |
||
| 999 |
_c24169 _d24169 |
||